| 000 | 00461nam a2200217Ia 4500 | ||
|---|---|---|---|
| 008 | 210210b1937 xxu||||| |||| 00| 0 eng d | ||
| 041 | _aeng | ||
| 082 | _a386/56 | ||
| 100 | _aPANDIA (Ranjit H) | ||
| 245 | _aHandbook of company law Ed 3 | ||
| 250 | _a | ||
| 260 |
_aBombay _b- _c1937 |
||
| 300 | _aiii,400 | ||
| 650 | _alaw | ||
| 650 | _aHandbook | ||
| 650 | _aEd | ||
| 650 | _acompany | ||
| 650 | _a3 | ||
| 690 | _aCompany Law | ||
| 906 | _a005608 | ||
| 999 |
_c125656 _d125656 |
||